ბათუმის შოთა რუსთაველის სახელმწიფო უნივერსიტეტის ბიბლიოთეკა

Флора Кавказа (ბიბ.ჩანაწერი № 45073)

000 -LEADER
fixed length control field 00494nam a2200205Ia 4500
001 - CONTROL NUMBER
control field 11896
003 - CONTROL NUMBER IDENTIFIER
control field GE_BSU
008 - FIXED-LENGTH DATA ELEMENTS--GENERAL INFORMATION
fixed length control field 181216s||||||||xx |||||||||||||| ||und||
040 ## - CATALOGING SOURCE
Transcribing agency GE_BSU
080 ## - UNIVERSAL DECIMAL CLASSIFICATION NUMBER
Universal Decimal Classification number 581.9(479)
100 ## - MAIN ENTRY--PERSONAL NAME
Personal name Гроссгейм,А.А.
245 ## - TITLE STATEMENT
Title Флора Кавказа
250 ## - EDITION STATEMENT
Edition statement 2-ое перераб. изд.
260 ## - PUBLICATION, DISTRIBUTION, ETC.
Place of publication, distribution, etc. Баку
260 ## - PUBLICATION, DISTRIBUTION, ETC.
Name of publisher, distributor, etc. Азфан
260 ## - PUBLICATION, DISTRIBUTION, ETC.
Date of publication, distribution, etc. 1940
300 ## - PHYSICAL DESCRIPTION
Extent 284стр.27см.
653 ## - INDEX TERM--UNCONTROLLED
Uncontrolled term Флора Кавказа
942 ## - ADDED ENTRY ELEMENTS (KOHA)
Koha item type წიგნი
ეგზემპლარები
Withdrawn status Lost status Damaged status Not for loan Date acquired Barcode Date last seen Price effective from Koha item type
        2018-12-17 20415 2018-12-17 2018-12-17 წიგნი